000 00694nam a2200289Ia 4500
005 20260324145605.0
008 008 260324s9999 xx 000 0 eng d
020 _a9781003644729
037 _aEBOOK
040 _aCRL
040 _beng
040 _cCRL
041 _2eng
041 _aeng
084 _qCRL
100 _aSusan Barrett; Colin Fudge
_91223498
245 0 _aPolicy and Action
245 0 _bEssays on the Implementation of Public Policy
260 _bTaylor and Francis
260 _c1981
365 _a
365 _b135
856 _uhttp://www.taylorfrancis.com/books/9781003644729
942 _cEBOOK
999 _c1831623
_d1831623